000 00352nam a2200145Ia 4500
008 150201s2009 xx 000 0 und d
082 _a614.1
_bE09A
100 _aAJMANI
245 _aEMBALING PRINCIPLES AND LEGAL ASPECTS
250 _a1ST
260 _bJAYPEE BROTHERS
_aDELHI
_c2009
300 _a1-296
650 _aFORENSIC MEDICINE
942 _2ddc
_cBK
999 _c44
_d44